Erkeği öldürmek /

Disimpan dalam:
Butiran Bibliografi
Pengarang Utama: Sayın, Mahir.
Format: Buku
Bahasa:Turkish
Diterbitkan: Beyoğlu, İstanbul : Zelal Yayınları, 1998.
Edisi:1. basım.
Subjek-subjek:
Penanda-penanda: Tambah Penanda
Tiada Penanda, Jadilah orang pertama menanda rekod ini!
LEADER 00795nam a2200277 a 4500
001 007799220-2
005 20020606104010.5
008 980528s1998 tu 000|0 tur d
035 0 |a ocm39364185 
040 |a OSU  |c OSU 
043 |a a-tu--- 
050 4 |a DR435.K87  |b S39 1998 
090 |a DR435.K87  |b S39 1998 
100 1 |a Sayın, Mahir. 
245 1 0 |a Erkeği öldürmek /  |c Mahir Sayın. 
250 |a 1. basım. 
260 |a Beyoğlu, İstanbul :  |b Zelal Yayınları,  |c 1998. 
300 |a 387 p. ;  |c 20 cm. 
600 1 0 |a Öcalan, Abdullah  |v Interviews. 
650 0 |a Kurds  |z Turkey  |x Politics and government. 
610 2 0 |a Partiya Karkerên Kurdistanê. 
651 0 |a Turkey  |x Ethnic relations. 
655 7 |a Interviews.  |2 fast 
752 |a Turkey  |d Istanbul. 
988 |a 20020608 
906 |0 OCLC